London infrastructure (Record no. 116104)

MARC details
000 -LEADER
fixed length control field 01354cad a22002295a 4500
001 - CONTROL NUMBER
control field L159776
008 - FIXED-LENGTH DATA ELEMENTS--GENERAL INFORMATION
fixed length control field 120529s2014 xxk 000 0 eng d
035 ## - SYSTEM CONTROL NUMBER
System control number (Sirsi) u159776
041 0# - LANGUAGE CODE
Language code of text/sound track or separate title eng
050 04 - LIBRARY OF CONGRESS CALL NUMBER
Classification number 711.7 $2 18
110 2# - MAIN ENTRY--CORPORATE NAME
Corporate name or jurisdiction name as entry element Savills
9 (RLIN) 2020
245 00 - TITLE STATEMENT
Title London infrastructure
Remainder of title connecting opportunities
Medium [electronic resource]
260 ## - PUBLICATION, DISTRIBUTION, ETC.
Place of publication, distribution, etc. [S.l.]
Name of publisher, distributor, etc. Savills
Date of publication, distribution, etc. 2014
520 ## - SUMMARY, ETC.
Summary, etc. The research has shown that the features homeowners value most about their home is the environment in which it is located. Factors such as neighbourhood, safety, greenery and access to amenities are cited as more important than simply building attractive buildings. These must be created by focussing on the relationship between individual developments and the wider area or in other words 'placemaking'. While the planning system often requires some form of mixed use development in large scale schemes, 'placemaking' is paramount in regeneration schemes which can?t rely on the services and amenities of established neighbourhoods.
590 ## - LOCAL NOTE (RLIN)
Local note KA NTK
650 24 - SUBJECT ADDED ENTRY--TOPICAL TERM
Topical term or geographic name entry element HOUSING
651 #4 - SUBJECT ADDED ENTRY--GEOGRAPHIC NAME
Geographic name ENGLAND AND WALES
690 ## - LOCAL SUBJECT ADDED ENTRY--TOPICAL TERM (OCLC, RLIN)
Topical term or geographic name as entry element Planning and development
9 (RLIN) 6259
690 ## - LOCAL SUBJECT ADDED ENTRY--TOPICAL TERM (OCLC, RLIN)
Topical term or geographic name as entry element Infrastructure
9 (RLIN) 6246
856 40 - ELECTRONIC LOCATION AND ACCESS
Uniform Resource Identifier <a href="https://pdf.euro.savills.co.uk/residential---other/spotlight-london-infrastructure.pdf">https://pdf.euro.savills.co.uk/residential---other/spotlight-london-infrastructure.pdf</a>
Public note View the report free of charge at www.savills.co.uk
942 ## - ADDED ENTRY ELEMENTS (KOHA)
Suppress in OPAC 0
Holdings
Withdrawn status Lost status Source of classification or shelving scheme Damaged status Not for loan Home library Current library Shelving location Date acquired Total Checkouts Full call number Barcode Date last seen Copy number Price effective from Koha item type
    Dewey Decimal Classification     Virtual Virtual Online 20/12/2017   ONLINE PUBLICATION 159776-2001 06/08/2019 1 06/08/2019 Journal article